| 000 | 00647nam a22001817a 4500 | ||
|---|---|---|---|
| 003 | CEME | ||
| 005 | 20210628210624.0 | ||
| 008 | 210210b xxu||||| |||| 00| 0 eng d | ||
| 020 | _a81-86830-18-9 | ||
| 040 | _c. | ||
| 082 | _a004.03 ITE | ||
| 100 |
_aDiwan, Parag Suri, R.K Kaushik, Sanjay _980229 |
||
| 245 | _aIt encyclopaedia.com,vol-5 multimedia systems | ||
| 260 |
_aNEW DELHI _bPENTAGON PRESS _c2001 |
||
| 300 | _a240P | ||
| 650 |
_aMULTIMEDIA CONCEPTS MUSIC AND SOUND FOR MULTIMEDIA VIDEO IMAGES AND GRAPHICS COMPRESSION STORAGE MEDIA MULTIMEDIA NETWORKING MULTIMEDIA AND INTERNET AUTHORING SYSTEM ANIMATION _980230 |
||
| 942 |
_cBK _2ddc |
||
| 999 |
_c585183 _d585183 |
||